Mapuche: ayer, hoy

Shranjeno v:
Bibliografske podrobnosti
Glavni avtor: Alonqueo P., Martín (Author)
Format: Knjiga
Jezik:španščina
Izdano: Padre Las Casas San Francisco 1985
Teme:
Oznake: Označite
Brez oznak, prvi označite!

MARC

LEADER 00000nam a2200000 a 4500
001 UCZ0028
003 CL-VaPUC
008 950724e19850000CL |||||||||||||||||spa|d
082 0 4 |a 306.440  |b ALO  |2 21 
100 0 |a Alonqueo P., Martín  |e author  |9 342598 
245 1 0 |a Mapuche: ayer, hoy 
300 |a 209 p 
942 |c BK 
945 |d 19950724 00:00:00  |a cmena 
260 |a Padre Las Casas  |b San Francisco  |c 1985 
650 0 |a Lingüística  |9 265068 
650 0 |a Etnolingüística  |9 341076 
650 0 |a Antropología cultural y social   |9 265143 
650 0 |a Costumbres y tradiciones   |9 268292 
650 0 |a Araucanos  |9 314060 
650 0 |a Lingüística  |9 265068 
651 7 |a CHILE  |2 CL-VaPUC  |9 342599 
583 |a last modification  |c 19950724 00:00:00  |k Rodrigo Vera 
999 |c 237007  |d 237005 
952 |0 0  |1 0  |4 0  |6 306_440000000000000_ALO_1985  |7 0  |8 P  |9 245651  |a BIBEDU  |b BIBEDU  |c BIBEDU_PB  |d 2019-11-18  |i 1540823  |o 306.440 ALO 1985  |p 1540823  |r 2024-01-25  |w 2019-11-18  |y BK  |k EDU 
952 |0 0  |1 0  |4 0  |6 306_440000000000000_ALO_1985  |7 0  |8 P  |9 245652  |a BIBEDU  |b BIBEDU  |c BIBEDU_PB  |d 2019-11-18  |i 1540831  |o 306.440 ALO 1985  |p 1540831  |r 2024-01-25  |w 2019-11-18  |y BK  |k EDU 
952 |0 0  |1 0  |4 0  |6 306_440000000000000_ALO_1985  |7 0  |8 P  |9 245653  |a BIBEDU  |b BIBEDU  |c BIBEDU_PB  |d 2019-11-18  |i 154084K  |o 306.440 ALO 1985  |p 154084K  |r 2024-01-25  |w 2019-11-18  |y BK  |k EDU 
952 |0 0  |1 0  |4 0  |6 306_440000000000000_ALO_1985  |7 0  |8 P  |9 245654  |a BIBEDU  |b BIBEDU  |c BIBEDU_PB  |d 2019-11-18  |i 1602152  |o 306.440 ALO 1985  |p 1602152  |r 2024-01-25  |w 2019-11-18  |y BK  |k EDU 
952 |0 0  |1 0  |4 0  |6 306_440000000000000_ALO_1985  |7 0  |8 P  |9 245655  |a BIBEDU  |b BIBEDU  |c BIBEDU_PB  |d 2019-11-18  |i 1602101  |o 306.440 ALO 1985  |p 1602101  |r 2024-01-25  |w 2019-11-18  |y BK  |k EDU